I. Šramko: S prísnejším dohľadom sme nemuseli mať Devín banku

Rozhovor s viceguvernérom NBS, Ivanom Šramkom, o slovenskom bankovom sektore. Posudzovanie potenciálnych investorov NBS, ktorí chcú vstúpiť na slovenský bankový trh. Podrobné hodnotenie uchádzačov. Práca bankového dohľadu NBS. Potreba kontroly činnosti existujúcich bankových domov a ich manažmentov....

Full description

Saved in:
Bibliographic Details
Main Author: Kováčová, Jana
Other Authors: Šramko, Ivan
Format: Book Chapter
Language:Slovak
Subjects:
Tags: Add Tag
No Tags, Be the first to tag this record!

MARC

LEADER 00000naa a2200000 4500
001 r044821
005 20230921113125.7
041 0 |a slo 
044 |a SK 
245 1 0 |a I. Šramko: S prísnejším dohľadom sme nemuseli mať Devín banku  |c Jana Kováčová, Ivan Šramko 
520 |a Rozhovor s viceguvernérom NBS, Ivanom Šramkom, o slovenskom bankovom sektore. Posudzovanie potenciálnych investorov NBS, ktorí chcú vstúpiť na slovenský bankový trh. Podrobné hodnotenie uchádzačov. Práca bankového dohľadu NBS. Potreba kontroly činnosti existujúcich bankových domov a ich manažmentov. Znalosti o kapitálovej vybavenosti zahraničnej banky, ktorá chce pôsobiť na našom trhu. Otázka konkurencie pri predaji banky. 
610 2 0 |a banky 
610 2 0 |a investície zahraničné 
610 2 0 |a investori 
610 2 0 |a dohľad bankový 
610 2 0 |a kapitál bankový 
610 2 0 |a manažment 
610 2 0 |a konkurencia 
610 2 0 |a NBS Bratislava 
100 1 |a Kováčová, Jana 
700 1 |a Šramko, Ivan